The use of the Bible in preaching: (Record no. 3346)

000 -LEADER
fixed length control field 00651nam a2200193 a 4500
001 - CONTROL NUMBER
control field :::00001076$&:&@@
003 - CONTROL NUMBER IDENTIFIER
control field OkBaRHE
005 - DATE AND TIME OF LATEST TRANSACTION
control field 20000607103241.0
008 - FIXED-LENGTH DATA ELEMENTS--GENERAL INFORMATION
fixed length control field s1936 j 000 0 eng u
040 ## - CATALOGING SOURCE
Transcribing agency
100 1# - MAIN ENTRY--PERSONAL NAME
Personal name Patton, Carl Safford, 1866-1939.
245 14 - TITLE STATEMENT
Title The use of the Bible in preaching:
Remainder of title a plea for modern biblical knowledge in the pulpit.
260 ## - PUBLICATION, DISTRIBUTION, ETC. (IMPRINT)
Place of publication, distribution, etc Chicago, IL., :
Name of publisher, distributor, etc Willet, Clark & Company
Date of publication, distribution, etc c1936
300 ## - PHYSICAL DESCRIPTION
Extent 268 p. ;
Dimensions 21 cm.
650 ## - SUBJECT ADDED ENTRY--TOPICAL TERM
Topical term or geographic name as entry element Bible
General subdivision Homiletical Use
650 ## - SUBJECT ADDED ENTRY--TOPICAL TERM
Topical term or geographic name as entry element Preaching
942 ## - ADDED ENTRY ELEMENTS (KOHA)
Source of classification or shelving scheme
Koha item type Books
Copies
Shelving location Date last seen Lost status Withdrawn status Price effective from Source of classification or shelving scheme Damaged status Permanent Location Koha item type Barcode Not for loan Copy number Full call number Date acquired
General Stacks2010-04-14  2010-04-14  RHEMA Bible Training CollegeBooks1076 1BS 534.5 .P2772010-04-14